| 000 | 00973nam a2200217Ia 4500 | ||
|---|---|---|---|
| 003 | OSt | ||
| 005 | 20200824194237.0 | ||
| 008 | 191128s2009 ck ac fr 000 0 spa d | ||
| 020 | _a9789589916209 | ||
| 040 |
_aCO-JMCR _cCO-JMCR |
||
| 041 | 0 | _aspa | |
| 082 | 0 | 4 |
_a349 / _bH558p _223 |
| 100 | 1 |
_aHernández Gamarra, Antonio, _eautor _99160 |
|
| 245 | 1 | 0 |
_aPropuesta para el fortalecimiento fiscal de los departamentos / _cAntonio Hernández Gamarra |
| 260 |
_aBogotá : _bFederación Nacional de Departamentos, _c2009 |
||
| 300 |
_a395 páginas : _bretratos a color ; _c24 cm. |
||
| 505 | 0 | _aResumen ejecutivo -- Fortalecimiento de las competencias departamentales -- Objetivos y lineamientos del código tributario departamental -- Fortalecimiento de las finanzas departamentales -- Ahorro, distribución y utilización de las reglas | |
| 650 | 1 | 4 |
_aFortalecimiento de los departamentos _99161 |
| 650 | 1 | 4 |
_aAhorro y distribución de regalías _99162 |
| 942 |
_2ddc _cBK |
||
| 999 |
_c6304 _d6304 |
||